000 00358nam a22001217a 4500
999 _c529173
_d529173
003 NUST
038 _aNusrat Nadeem
082 _a 650/.0285
100 _aDegum Systems
_921035
245 _aMicrosoft Education & Certification Implementing a Database on Microsoft SQL Server 7.0 Student Workbook
_cDegum Systems
260 _bDegum Systems
942 _2ddc
_cBK